50 Biggest Companies in the world - Statistics

General Stats
  • This quiz has been taken 137 times
  • The average score is 19 of 50
Answer Stats
Rank Market cap Type of company Answer % Correct
1 2314.8B Tech Apple
95%
3 1650.5B E-Commerce Amazon
87%
6 770.3B Social media Facebook
87%
13 408.7B Retail Walmart
82%
4 1415.3B Tech Alphabet/Google
80%
2 1847.8B Tech Microsoft
80%
33 217.8B Softdrinks & Foods Coca-Cola
75%
29 224.4B Vehicles Toyota
71%
5 783.4B Vehicles Tesla
66%
31 224.1B Footwear/Clothing Nike
62%
44 184.7B Softdrinks & Foods Pepsi
61%
17 340.0B Financial services Mastercard
55%
16 340.7B Media Disney
52%
24 246.5B Media streaming Netflix
51%
7 724.7B E-Commerce Alibaba
50%
34 213.6B Oil & gas ExxonMobil
50%
41 193.0B Pharmaceuticals Pfizer
50%
10 448.7B Financial services Visa
50%
22 251.1B Tech Intel
48%
11 438.5B Healthcare Johnson & Johnson
47%
12 430.6B Financial services JPMorgan Chase
47%
21 288.7B Banking & Finances Bank of America
46%
36 205.2B Media AT&T
38%
9 569.4B Holdings Berkshire Hathaway
38%
43 185.7B Tech Oracle
34%
8 716.0B Semiconductors Taiwan Semiconductor
34%
46 178.2B Oil & gas Chevron
32%
30 224.3B Telecommunications Verizon
32%
18 314.3B Consumer goods Procter & Gamble
28%
19 311.4B Healtcare UnitedHealth
28%
15 349.4B Financial services PayPal
27%
14 370.4B Tech NVIDIA
26%
20 298.8B Retail Home Depot
24%
23 249.1B Semiconductor equipment ASML
22%
42 189.8B Tech Merck
18%
32 220.6B Tech Salesforce
18%
27 238.8B Tech Adobe
17%
38 199.8B Tech Cisco
17%
37 201.3B Medical Equipment Thermo Fisher Scientific
17%
49 170.2B Consultancy Accenture
15%
25 243.8B Media & tech Comcast
13%
50 168.1B Semiconductors Qualcomm
13%
40 197.8B Semiconductors Broadcom
12%
39 198.3B Pharmaceuticals Eli Lilly
11%
47 177.4B E-Commerce Shopify
11%
35 207.7B Healthcare Novartis AG
10%
45 184.4B Pharmaceuticals AbbVie
7%
48 174.7B Science & Tech innovator Danaher
5%
26 241.1B E-Commerce Pinduoduo
3%
28 227.3B Pharmaceuticals Abbott Laboratories
2%
No matching quizzes found
Score Distribution
Percent of People with Each Score
Percentile by Number Answered
Your Score History
You have not taken this quiz